01521nam a22003017a 4500003000400000005001700004007000400021008004100025010003700066024004400103035001900147035002000166040001300186082001500199245006200214260003800276300006000314440001900374500020000393500029800593538021800891650001901109700001701128700001701145700001901162700001901181700001901200dpl20080925110255.0DVD080925t xxu||||| |||| 00| 0 eng d aDVD-000672-674 & DVD-004485-4490 aYRD 60198c399.00, 149.00 Revised Price aDVD-000672-674 aDVD-004485-4490 aDVDcDPL aDVD / CHAK aChak de IndiacYas Chopra Presentsh[videorecording] DVD/ aMumbaibYash Raj Films Pvt. Ltd., a2 Videodisc DVD;(152 min.)bsd., col.;c4 3/4 in.fDVD aYash Raj Films aDisc.2: Special Features- The Making of the Film- Music Videos a) Kuch Kariyo b) Ek Hockey Doongi Rakhke; Theatrical Trailor & Promos- Phto Gallery a) Posters b) Working stills c) Player Profiles aChek De India is the story of coach's fight of making his team, Team India by overcoming their diverse backgrounds by learning to use everything that lifehurls on them as a secret weapon. It is story about honesty, sincerity and integrity. A story to remind the nation of its National sport. aAnamorphic Widescreen Presentation 16.9; Aspect Ratio 2.35:1; Optional Subtitles in 7 languages;Int. English/Arabic/Spanish/Dutch/Portugese Ind: Tamil/Malaylam ; Dolby Digital Sound, 5.1; Optional Stereo Soun d aMotion Picture aAmin, Shimit aShahruf Khan aChopra, Aditya aSulaman, Salim aSahni, Jaideep